Number of Sides by Polygon Name - Statistics

General Stats
  • This quiz has been taken 13 times
  • The average score is 9 of 15
Answer Stats
Polygon name # of sides % Correct
Pentagon 5
100%
Hexagon 6
92%
Octogon 8
92%
Triangle 3
85%
Heptagon 7
85%
Nonagon 9
85%
Hexadecagon 16
62%
Pentacontagon 50
62%
Hendecagon 11
54%
Tridecagon 13
54%
Hectogon 100
38%
Icosagon 20
38%
Triacontatrigon 33
38%
Megagon 1,000,000
31%
Chiliagon 1000
23%
No matching quizzes found
Score Distribution
Percent of People with Each Score
Percentile by Number Answered
Your Score History
You have not taken this quiz